000 01490nam a22003977a 4500
003 CHAP
005 20220817044242.0
008 080210s2008 mx a r 00010 spa d
010 _a95798
011 _a96770
035 _a107426
040 _cCHAP
090 _aTesis
100 1 _aMartínez Jiménez, Anhel Jeanethe.
_972186
245 1 0 _aEvaluación de sustratos en la germinación y desarrollo de plántulas de amarillis (Hipeastrum sp.)
_c/por Anhel Jeanethe Martínez Jiménez
260 _aChapingo, Méx. :
_bEl autor,
_c2008
300 _aii, 47 h. :
_bilus., cuadros
502 _aTesis (Ing. Agr. Esp. en Fitotecnia) -- UACH. Departamento de Fitotecnia
530 _aTambién disponible en línea
590 _aALEPH
_b10
_c20130110
_lUCH01
_h1526
590 _aBATCH-UPD
_b10
_c20130110
_lUCH01
_h0654
590 _aBATCH-UPD
_b10
_c20130410
_lUCH01
_h0339
590 _aBATCH-UPD
_b10
_c20130914
_lUCH01
_h0423
590 _aBATCH-UPD
_b10
_c20140324
_lUCH01
_h1510
590 _aBATCH-UPD
_b10
_c20141002
_lUCH01
_h0838
590 _aCONVERSION
_b10
_c20130109
_lUCH01
_h1353
650 1 4 _aAserrín.
_97893
650 1 4 _aGerminación.
_947755
650 1 4 _aPlantas.
650 1 4 _aSustratos.
_9110789
856 _3Finding aid
_uhttp://10.13.5.2/tesis/107426.pdf
_zTeclea aqui
901 _aBK
942 _cFOLL
949 _aTesis
_bBC
_cTES
_d33724002085017
_eTS2
_fc.2
_gDonaciØn
_h48667
_i107426
_sb
949 _aTesis
_bBC
_cTES
_d33724002085058
_eTS1
_gDonaciØn
_h48666
_i107426
_sb
999 _c95798
_d95798